Les noms d'oiseaux par lettres -V - Statistiques

Statistiques générales
  • Ce quiz a été pris 47 fois
  • Le résultat moyen est 4 sur 10
Statistiques - réponses
Par images Réponse % Correct
Vautour
100%
Vanneau
73%
Verdier
67%
Vacher
36%
Veuve
33%
Vaza
30%
Viréo
30%
Viréon
15%
Venturon
12%
Verdin
9%
Aucun quiz correspondant
Distribution des résultats
% des personnes avec chaque résultat
Percentile par nombre de réponses
Votre historique - résultats
Vous n’avez pas pris ce quiz